[Event "Satu Mare Szabo Memorial"]
[Site "Satu Mare"]
[Date "2019.08.02"]
[Round "1"]
[White "Marchis, Arghil"]
[Black "Meszaros, Andras"]
[Result "0-1"]
[WhiteElo "1848"]
[BlackElo "2254"]
[PlyCount "94"]
[EventDate "2019.08.02"]
[EventType "swiss"]
[EventRounds "9"]
[EventCountry "ROU"]
[SourceTitle "CBM 191 Extra"]
[Source "ChessBase"]
[SourceDate "2019.09.30"]
[SourceVersion "1"]
[SourceVersionDate "2019.09.30"]
[SourceQuality "1"]

1. d4 Nf6 2. Nf3 g6 3. g3 Bg7 4. Bg2 0-0 5. 0-0 d6 6. c3 Nbd7 7. Re1 c5 8. a4 Ne4 9. Ng5 Nxg5 10. Bxg5 cxd4 11. cxd4 Qb6 12. Be3 Qxb2 13. Nd2 Nf6 14. Rb1 Qc3 15. Rc1 Qa5 16. Nc4 Qh5 17. h4 Ng4 18. Rb1 d5 19. Rb5 Be6 20. Bc1 a6 21. Rc5 Rac8 22. Nb6 Rxc5 23. dxc5 Qf5 24. Bf3 d4 25. Ba3 h5 26. Qb1 Qf6 27. Rf1 Rb8 28. a5 Ne5 29. Bg2 Nc4 30. Nxc4 Bxc4 31. c6 Qe5 32. cxb7 Bxe2 33. Rc1 Kh7 34. Rc5 Qe6 35. Bd5 Qd7 36. Be4 d3 37. Rd5 Rxb7 38. Qc1 Qa4 39. Qf4 f5 40. Rxf5 Qxa3 41. Rg5 Qa1+ 42. Kh2 Rb1 43. Qf7 Qf6 44. Bxg6+ Kh6 45. Bxh5 Qxf7 46. Bxf7 d2 47. g4 Rh1+ 0-1

[Event "Satu Mare Ferroli op"]
[Site "Satu Mare"]
[Date "2018.11.04"]
[Round "9"]
[White "Marchis, Arghil"]
[Black "Marjanovics, Gyorgy"]
[Result "0-1"]
[WhiteElo "1838"]
[BlackElo "2004"]
[PlyCount "102"]
[EventDate "2018.10.30"]
[EventType "swiss"]
[EventRounds "9"]
[EventCountry "ROU"]
[SourceTitle "CBM 187 Extra"]
[Source "ChessBase"]
[SourceDate "2018.11.04"]
[SourceVersion "1"]
[SourceVersionDate "2018.11.04"]
[SourceQuality "1"]

1. d4 d5 2. c4 e6 3. Nc3 Be7 4. Nf3 Nf6 5. Bg5 0-0 6. e3 h6 7. Bh4 Ne4 8. Bxe7 Qxe7 9. Bd3 Nxc3 10. bxc3 b6 11. 0-0 Nd7 12. e4 dxc4 13. Bxc4 Bb7 14. Re1 c5 15. Bd3 Rfd8 16. Qe2 Rac8 17. Rac1 cxd4 18. cxd4 Qa3 19. Qd2 Nf6 20. Rxc8 Rxc8 21. h3 Qc3 22. Qe2 Qa5 23. Nd2 Qxa2 24. Bb1 Qb2 25. e5 Ne8 26. Qd3 Rc1 27. Rxc1 Qxc1+ 28. Kh2 Qc6 29. Ne4 Qxe4 30. Qxe4 Bxe4 31. Bxe4 Nc7 32. Kg1 Kf8 33. Kf1 Ke7 34. Ke2 Kd7 35. Kd3 b5 36. f4 a5 37. f5 Ke7 38. g4 f6 39. Bc6 fxe5 40. dxe5 Nd5 41. Kd4 b4 42. Kc4 Nf4 43. h4 h5 44. Bf3 hxg4 45. Bxg4 Ng2 46. f6+ gxf6 47. exf6+ Kxf6 48. Bf3 Nxh4 49. Bd1 Ke5 50. Kb5 Kd4 51. Kxa5 Kc3 0-1

[Event "Satu Mare Ferroli op"]
[Site "Satu Mare"]
[Date "2018.11.01"]
[Round "4"]
[White "Muller, Wilhelm"]
[Black "Marchis, Arghil"]
[Result "1-0"]
[WhiteElo "1891"]
[BlackElo "1838"]
[PlyCount "101"]
[EventDate "2018.10.30"]
[EventType "swiss"]
[EventRounds "9"]
[EventCountry "ROU"]
[SourceTitle "CBM 187 Extra"]
[Source "ChessBase"]
[SourceDate "2018.11.04"]
[SourceVersion "1"]
[SourceVersionDate "2018.11.04"]
[SourceQuality "1"]

1. Nf3 d5 2. d4 Bf5 3. c4 e6 4. cxd5 exd5 5. Qb3 Bc8 6. Nc3 c6 7. Bg5 Be7 8. Bxe7 Qxe7 9. e3 Nf6 10. Bd3 0-0 11. 0-0 Be6 12. Qc2 g6 13. Rfe1 Qd8 14. b4 Nbd7 15. a4 Rc8 16. Ng5 Kg7 17. e4 Re8 18. e5 Ng8 19. f4 Ne7 20. Nxe6+ fxe6 21. g4 Nf8 22. Rf1 Rc7 23. Rf3 Ng8 24. Raf1 Qh4 25. Qg2 Qe7 26. b5 c5 27. Ne2 cxd4 28. Nxd4 Qc5 29. Qf2 Nh6 30. h3 Nf7 31. Qe3 Qe7 32. Re1 Kg8 33. Rg3 Kh8 34. Nf3 Qc5 35. Qxc5 Rxc5 36. f5 Rec8 37. Nd4 Re8 38. Rge3 Kg7 39. Kg2 Nd8 40. Kg3 Nf7 41. h4 Nd8 42. Nb3 Rc3 43. Bb1 Rxe3+ 44. Rxe3 Nd7 45. f6+ Kg8 46. Kf4 Nf7 47. Nd4 Nc5 48. a5 Rc8 49. Rc3 Kf8 50. Nxe6+ Ke8 51. Rxc5 1-0

[Event "Tasnad op"]
[Site "Tasnad"]
[Date "2018.09.11"]
[Round "1"]
[White "Marchis, Arghil"]
[Black "Omelja, Artem"]
[Result "0-1"]
[WhiteElo "1862"]
[BlackElo "2437"]
[PlyCount "106"]
[EventDate "2018.09.11"]
[EventType "swiss"]
[EventRounds "9"]
[EventCountry "ROU"]
[SourceTitle "CBM 186 Extra"]
[Source "ChessBase"]
[SourceDate "2018.08.24"]
[SourceVersion "1"]
[SourceVersionDate "2018.08.24"]
[SourceQuality "1"]

1. Nf3 g6 2. g3 Bg7 3. Bg2 e5 4. e4 c5 5. 0-0 Ne7 6. c4 d6 7. Nc3 Nbc6 8. d3 0-0 9. Ne1 h6 10. Nc2 f5 11. Nd5 g5 12. exf5 Bxf5 13. Nce3 Be6 14. Nxe7+ Qxe7 15. Be4 Qd7 16. g4 Ne7 17. f3 d5 18. cxd5 Nxd5 19. Ng2 Rad8 20. Bd2 Nf4 21. Nxf4 exf4 22. Bc3 b6 23. a4 Bd4+ 24. Kg2 a5 25. Qe2 Kg7 26. h3 Rh8 27. Rfe1 Rhe8 28. Rh1 Bf7 29. Qc2 Qd6 30. Rad1 Qf6 31. Rh2 Rh8 32. Kf1 h5 33. Rdd2 h4 34. Rhe2 Rhe8 35. Rd1 Qe6 36. Ra1 Kf6 37. Bd2 Rd6 38. Qc1 Qe5 39. Bc3 c4 40. Re1 Bxc3 41. bxc3 cxd3 42. Qd2 Qc5 43. Rab1 Bc4 44. Rb2 Rb8 45. Kg2 b5 46. axb5 Rxb5 47. Rxb5 Qxb5 48. Bf5 Rb6 49. Kf1 Qb2 50. Rd1 Qxd2 51. Rxd2 a4 52. Bxd3 Rd6 53. Ke2 Rxd3 0-1

[Event "Eforie Nord Seacoast op 26th"]
[Site "Eforie Nord"]
[Date "2016.06.27"]
[Round "1"]
[White "Costachi, Mihnea"]
[Black "Marchis, Arghil"]
[Result "1-0"]
[WhiteElo "2397"]
[BlackElo "1908"]
[PlyCount "88"]
[EventDate "2016.06.27"]
[EventType "swiss"]
[EventRounds "10"]
[EventCountry "ROU"]
[SourceTitle "EXT 2017"]
[Source "ChessBase"]
[SourceDate "2016.10.25"]
[SourceVersion "1"]
[SourceVersionDate "2016.10.25"]
[SourceQuality "1"]

1. d4 Nf6 2. c4 e6 3. Nc3 d5 4. cxd5 exd5 5. Bg5 Be7 6. Qc2 c6 7. e3 Be6 8. Bd3 Nbd7 9. Nf3 Bg4 10. 0-0-0 0-0 11. Rde1 Bh5 12. Ne5 Bg6 13. Nxg6 fxg6 14. h4 c5 15. Kb1 c4 16. Be2 Nb6 17. Bf3 Qd7 18. Bxf6 Bxf6 19. Nxd5 Rac8 20. Nxf6+ Rxf6 21. Rc1 Nd5 22. Qe2 Rxf3 23. gxf3 Qb5 24. a3 Rc6 25. Rhg1 Qb3 26. Qc2 Qb5 27. e4 Nf4 28. Rg5 Qb6 29. Rc5 Rxc5 30. dxc5 Qxc5 31. Qxc4+ Qxc4 32. Rxc4 Ng2 33. e5 Kf7 34. Kc1 Ke6 35. Kd2 Kxe5 36. Rc7 Kf6 37. Rxb7 Nxh4 38. Ke2 Nf5 39. Rxa7 h5 40. Kf1 Ke5 41. b4 g5 42. b5 Nd4 43. b6 Kd6 44. Rxg7 Kd5 1-0

[Event "Satu Mare Ariston"]
[Site "Satu Mare"]
[Date "2011.02.27"]
[Round "5"]
[White "Marchis, Arghil"]
[Black "Muller, Wim"]
[Result "0-1"]
[WhiteElo "2037"]
[BlackElo "2020"]
[PlyCount "66"]
[EventDate "2011.02.24"]
[EventType "tourn"]
[EventRounds "9"]
[EventCountry "ROU"]
[SourceTitle "CBM 141 Extra"]
[Source "ChessBase"]
[SourceDate "2011.05.03"]
[SourceVersion "1"]
[SourceVersionDate "2011.05.03"]
[SourceQuality "1"]

1. e4 d6 2. d4 Nf6 3. Nc3 c6 4. Nf3 Bg4 5. Be2 Nbd7 6. Be3 e5 7. 0-0 Be7 8. Nd2 Bxe2 9. Qxe2 0-0 10. a4 Re8 11. Nb3 Qc7 12. f3 g6 13. Rfd1 Nh5 14. d5 c5 15. Nd2 a6 16. Nc4 b6 17. Na3 f5 18. exf5 gxf5 19. b3 Bf6 20. Qd2 Kh8 21. Bg5 Rg8 22. Bxf6+ Ndxf6 23. Kh1 Rg6 24. Nc4 Rag8 25. Rg1 f4 26. h3 Ng3+ 27. Kh2 Qd8 28. Rae1 Nf5 29. Ne4 b5 30. axb5 axb5 31. Nb2 Nxe4 32. Rxe4 Nd4 33. Qf2 Qg5 0-1

[Event "Satu Mare Ariston"]
[Site "Satu Mare"]
[Date "2011.02.26"]
[Round "3"]
[White "Marchis, Arghil"]
[Black "Helmer, Janos"]
[Result "0-1"]
[WhiteElo "2037"]
[BlackElo "2209"]
[PlyCount "89"]
[EventDate "2011.02.24"]
[EventType "tourn"]
[EventRounds "9"]
[EventCountry "ROU"]
[SourceTitle "CBM 141 Extra"]
[Source "ChessBase"]
[SourceDate "2011.05.03"]
[SourceVersion "1"]
[SourceVersionDate "2011.05.03"]
[SourceQuality "1"]

1. d4 Nf6 2. c4 d6 3. Nc3 g6 4. e4 Bg7 5. h3 c6 6. Nf3 0-0 7. Bd3 e5 8. dxe5 dxe5 9. Bg5 Nbd7 10. Be3 Qe7 11. Qe2 Nc5 12. Bc2 Nfd7 13. Bg5 f6 14. Be3 a5 15. Rd1 Re8 16. Qd2 Ne6 17. a3 Ndc5 18. 0-0 Bf8 19. Ne2 a4 20. Qc3 Qc7 21. Nh2 Qa5 22. Qxa5 Rxa5 23. Ng4 Bg7 24. Rd6 h5 25. Nh2 Bf8 26. Rdd1 Ng5 27. Bd2 Ra8 28. Bxg5 fxg5 29. Nf3 g4 30. Ng5 Be7 31. h4 Bxg5 32. hxg5 Be6 33. Rd6 Red8 34. Rfd1 Rxd6 35. Rxd6 Kf7 36. Nc3 Ke7 37. Rd2 Bxc4 38. Kh2 b5 39. Kg3 Ne6 40. f3 gxf3 41. gxf3 Rf8 42. Bd1 Nxg5 43. Kg2 Ne6 44. Bc2 Nd4 45. Bd1 0-1

[Event "Satu Mare Ariston"]
[Site "Satu Mare"]
[Date "2011.02.25"]
[Round "2"]
[White "Szabo, Attila"]
[Black "Marchis, Arghil"]
[Result "1-0"]
[WhiteElo "2292"]
[BlackElo "2037"]
[PlyCount "117"]
[EventDate "2011.02.24"]
[EventType "tourn"]
[EventRounds "9"]
[EventCountry "ROU"]
[SourceTitle "CBM 141 Extra"]
[Source "ChessBase"]
[SourceDate "2011.05.03"]
[SourceVersion "1"]
[SourceVersionDate "2011.05.03"]
[SourceQuality "1"]

1. c4 Nf6 2. d4 e6 3. Nf3 d5 4. Nc3 Bb4 5. Qb3 Bxc3+ 6. bxc3 0-0 7. Bg5 c6 8. e3 Nbd7 9. Bd3 Re8 10. 0-0 Qc7 11. Bf4 Qb6 12. c5 Qa5 13. Ne5 Nxe5 14. Bxe5 Ne4 15. Qc2 f5 16. Rfc1 Ng5 17. c4 Bd7 18. Qb3 Nf7 19. Bg3 Bc8 20. a4 Qd8 21. a5 g6 22. a6 bxa6 23. cxd5 exd5 24. Bxa6 Bxa6 25. Rxa6 Qd7 26. Qa4 Rec8 27. Ra1 g5 28. Rxa7 Rxa7 29. Qxa7 Qe6 30. h3 Re8 31. Qc7 Rc8 32. Qb7 h5 33. h4 gxh4 34. Bxh4 Re8 35. Ra7 Kg7 36. Bg3 Kg6 37. Bf4 h4 38. Kh2 Kf6 39. Bd6 Rc8 40. Qe7+ Qxe7 41. Bxe7+ Kg6 42. Bxh4 Re8 43. Rc7 Re6 44. g3 Nh6 45. Kg2 Ng4 46. Be7 Kf7 47. Bd6+ Ke8 48. Bf4 Nf6 49. f3 Nh5 50. Be5 Rg6 51. Kf2 Nf6 52. Rxc6 Ng4+ 53. fxg4 Rxc6 54. gxf5 Kf7 55. Kf3 Ra6 56. g4 Rc6 57. g5 Ra6 58. g6+ Kg8 59. Kf4 1-0

[Event "Ajka Borostyan Cup"]
[Site "Ajka"]
[Date "2000.??.??"]
[Round "?"]
[White "Marchis, Arghil"]
[Black "Szabo, Zsolt Jozsef"]
[Result "0-1"]
[WhiteElo "2425"]
[BlackElo "2150"]
[PlyCount "50"]
[EventDate "2000.06.??"]
[EventType "swiss"]
[EventRounds "9"]
[EventCountry "HUN"]
[SourceTitle "EXT 2004"]
[Source "ChessBase"]
[SourceDate "2003.11.25"]
[SourceVersion "1"]
[SourceVersionDate "2003.11.25"]
[SourceQuality "1"]

1. e4 c5 2. d4 cxd4 3. Qxd4 Nc6 4. Qe3 Nf6 5. Nc3 e6 6. Bd2 Be7 7. h3 d5 8. exd5 exd5 9. Qg5 d4 10. Nd1 0-0 11. Bd3 Ne4 12. Qf4 Bg5 13. Qh2 Bxd2+ 14. Ke2 Bh6 15. Bxe4 Re8 16. f3 f5 17. Nf2 fxe4 18. fxe4 Bf5 19. Qg3 Bxe4 20. Nxe4 Rxe4+ 21. Kf1 Qd5 22. Qb3 Qxb3 23. axb3 Nb4 24. c3 Nc2 25. Ra5 Re1+ 0-1

[Event "Ajka Borostyan Cup"]
[Site "Ajka"]
[Date "2000.??.??"]
[Round "?"]
[White "Marchis, Arghil"]
[Black "Vadasz, Laszlo"]
[Result "0-1"]
[WhiteElo "2152"]
[BlackElo "2285"]
[PlyCount "76"]
[EventDate "2000.06.??"]
[EventType "swiss"]
[EventRounds "9"]
[EventCountry "HUN"]
[SourceTitle "EXT 2004"]
[Source "ChessBase"]
[SourceDate "2003.11.25"]
[SourceVersion "1"]
[SourceVersionDate "2003.11.25"]
[SourceQuality "1"]

1. e4 g6 2. Bc4 Bg7 3. Ne2 d6 4. Ng3 Nf6 5. 0-0 0-0 6. c3 Nxe4 7. Bxf7+ Rxf7 8. Nxe4 e5 9. d3 d5 10. Bg5 Qf8 11. Ng3 c6 12. Na3 Na6 13. Nc2 Nc7 14. a4 Ne6 15. Bc1 h5 16. Nh1 Nf4 17. Bxf4 exf4 18. f3 Qd6 19. Re1 Bf5 20. Nf2 g5 21. Re2 g4 22. fxg4 hxg4 23. Re1 Qg6 24. g3 Raf8 25. a5 Bd7 26. Nh1 Bf5 27. Nf2 Qd6 28. gxf4 Qxf4 29. Nh1 Bd7 30. Rf1 Qd6 31. Rxf7 Rxf7 32. Qe2 Re7 33. Qf2 c5 34. Rf1 d4 35. c4 Qg6 36. Ne1 Bh6 37. Qg3 Be3+ 38. Kg2 Bc6+ 0-1